All mapped out (Record no. 71596)
[ view plain ]
| 000 -LEADER | |
|---|---|
| fixed length control field | 01219cam a2200241 4500 |
| 001 - CONTROL NUMBER | |
| control field | ABS66167 |
| 008 - FIXED-LENGTH DATA ELEMENTS--GENERAL INFORMATION | |
| fixed length control field | 021119n2002 000 0 eng u |
| 035 ## - SYSTEM CONTROL NUMBER | |
| System control number | (Sirsi) u120513 |
| 100 ## - MAIN ENTRY--PERSONAL NAME | |
| Personal name | Pacey, S |
| 245 ## - TITLE STATEMENT | |
| Title | All mapped out |
| 260 ## - PUBLICATION, DISTRIBUTION, ETC. | |
| Date of publication, distribution, etc. | 2002 |
| 490 ## - SERIES STATEMENT | |
| Series statement | RIBA Journal |
| Volume/sequential designation | October 2002, 73-75(3) |
| 520 ## - SUMMARY, ETC. | |
| Summary, etc. | Discusses the latest technologies used to map the UK. Getmapping is a very detailed aerial view of the UK which picks out very small objects such as road markings and individual people. These images are detailed enough to be used in site analysis and urban planning but they do have some disadvantage in that their images are instantly historic. Other developments in this area include government funded planning portals and local government development plans such as Birmingham and Glasgow's sites. A private company, UK Planning is making innovative strides with its ability to make planning applications on the internet. |
| 590 ## - LOCAL NOTE (RLIN) | |
| Local note | ABS |
| 650 ## - SUBJECT ADDED ENTRY--TOPICAL TERM | |
| Topical term or geographic name entry element | GIS |
| 650 ## - SUBJECT ADDED ENTRY--TOPICAL TERM | |
| Topical term or geographic name entry element | ORDNANCE SURVEY |
| 650 ## - SUBJECT ADDED ENTRY--TOPICAL TERM | |
| Topical term or geographic name entry element | MULTIMAP |
| 650 ## - SUBJECT ADDED ENTRY--TOPICAL TERM | |
| Topical term or geographic name entry element | DESIGNERS |
| 650 ## - SUBJECT ADDED ENTRY--TOPICAL TERM | |
| Topical term or geographic name entry element | PLANNING APPLICATIONS |
| 650 ## - SUBJECT ADDED ENTRY--TOPICAL TERM | |
| Topical term or geographic name entry element | PLANNING PORTAL |
| 690 ## - LOCAL SUBJECT ADDED ENTRY--TOPICAL TERM (OCLC, RLIN) | |
| Topical term or geographic name as entry element | ENVIRONMENTAL AND LAND CONSULTANCY-PLANNING AND DEVELOPMENT |
| 942 ## - ADDED ENTRY ELEMENTS (KOHA) | |
| Suppress in OPAC | 0 |
| Withdrawn status | Lost status | Source of classification or shelving scheme | Damaged status | Not for loan | Home library | Current library | Shelving location | Date acquired | Total Checkouts | Full call number | Barcode | Date last seen | Copy number | Price effective from | Koha item type |
|---|---|---|---|---|---|---|---|---|---|---|---|---|---|---|---|
| Dewey Decimal Classification | London | London | Journal article | 19/11/2002 | ABS66167 | 120513-1001 | 06/08/2019 | 1 | 06/08/2019 | Journal article |